000 00347nam a2200133Ia 4500
008 240624s9999 xx 000 0 und d
041 _aeng
082 _a828 MIS
100 _aMISHRA SHUBHA R
245 _aWORD AND IMAGE ARTICULATIONS ON LITERATU
260 _c2013
_aNew Delhi
_bDattsons
300 _ax, : 174 : p. : cm. ; 22
365 _cRS
_b25
999 _c23901
_d23901